[Event "Team men HL chess 2016"]
[Site "Sochi"]
[Date "2016.05.01"]
[Round "1.7"]
[White "Oganian, Miran"]
[Black "Tekeyev, Zaur"]
[Result "0-1"]
[WhiteElo "2445"]
[BlackElo "2350"]
[PlyCount "134"]
[EventDate "2016.05.01"]

1. d4 Nf6 2. c4 g6 3. Nc3 Bg7 4. e4 O-O 5. Nf3 d6 6. Be2 e5 7. Be3 Nbd7 8. O-O
Re8 9. d5 Nh5 10. g3 Bf8 11. Ne1 Ng7 12. Nd3 f5 13. b4 Be7 14. Qd2 Nf6 15. f3
h5 16. c5 h4 17. cxd6 cxd6 18. a4 hxg3 19. hxg3 Ngh5 20. Kg2 Rf8 21. exf5 gxf5
22. f4 Qe8 23. Rh1 e4 24. Nf2 Nxg3 25. Kxg3 Qg6+ 26. Kh2 Kf7 27. Rag1 Rh8+ 28.
Nh3 Ng4+ 29. Kg2 Nxe3+ 30. Kf2 Ng4+ 31. Bxg4 fxg4 32. Ng5+ Bxg5 33. Rxh8 Bf6
34. Rh2 Bd7 35. Ne2 Bxa4 36. Qe3 Re8 37. Qxa7 e3+ 38. Kg3 Qe4 39. Rf1 Bb3 40.
Qxb7+ Re7 41. Qc6 Bxd5 42. Qxd6 Bc6 43. Qc5 Kg8 44. Qh5 Rg7 45. Qh6 Kf7 46.
Qh5+ Kf8 47. Qc5+ Kg8 48. Nc3 Bxc3 49. Qxc3 e2 50. Re1 Qf3+ 51. Qxf3 gxf3+ 52.
Kf2 Kf7 53. f5 Be4 54. b5 Kf6 55. Ke3 Bb7 56. Rc1 Kxf5 57. Kf2 Ke4 58. b6 Kd3
59. Rc7 Rg1 60. Rd7+ Kc3 61. Re7 Rf1+ 62. Kg3 e1=Q+ 63. Rxe1 Rxe1 64. Rh7 Rg1+
65. Kf2 Rg2+ 66. Ke1 Ba6 67. Rf7 f2+ 0-1

[Event "Team men HL chess 2016"]
[Site "Sochi"]
[Date "2016.05.01"]
[Round "1.7"]
[White "Bykov, Egor"]
[Black "Utnasunov, Alexander"]
[Result "1/2-1/2"]
[WhiteElo "2330"]
[BlackElo "2423"]
[PlyCount "138"]
[EventDate "2016.05.01"]

1. d4 Nf6 2. Nf3 c5 3. d5 d6 4. Nc3 g6 5. e4 Bg7 6. Bb5+ Nbd7 7. a4 O-O 8. O-O
a6 9. Bc4 Rb8 10. Re1 Ne8 11. a5 b5 12. axb6 Nxb6 13. Bf1 Nc7 14. Nd2 Bd7 15.
Nb3 Nb5 16. Bd2 c4 17. Na5 Qc7 18. Qc1 e6 19. Nd1 exd5 20. exd5 c3 21. bxc3
Nxc3 22. Bxc3 Bxc3 23. Nxc3 Qxc3 24. Ra3 Qc5 25. Nc6 Bxc6 26. dxc6 Qxc6 27.
Rxa6 Qc5 28. Qf4 d5 29. Ra7 Nc8 30. Rd7 Rb6 31. Re8 Kg7 32. Qe5+ Rf6 33. Qe3 d4
34. Qe5 Qxe5 35. Rxe5 Nd6 36. g4 Rc8 37. Bd3 Nc4 38. Re4 Nd2 39. g5 Nf3+ 40.
Kg2 Nxg5 41. Rexd4 Ne6 42. R4d6 Rc5 43. Kf1 Ra5 44. Ke2 Nf4+ 45. Kd2 Rh5 46.
Bc4 Rxd6+ 47. Rxd6 Rxh2 48. Rd7 Rxf2+ 49. Ke3 Nh3 50. Be6 Rxc2 51. Bxh3 Rc3+
52. Rd3 Rxd3+ 53. Kxd3 f5 54. Ke3 Kf6 55. Bf1 h5 56. Bb5 h4 57. Be8 g5 58. Bd7
Ke5 59. Kf3 g4+ 60. Ke3 h3 61. Kf2 Kf4 62. Bc8 g3+ 63. Kg1 Ke4 64. Bb7+ Ke3 65.
Bc8 h2+ 66. Kh1 f4 67. Bb7 Kf2 68. Bc6 f3 69. Bxf3 Kxf3 1/2-1/2

[Event "Team men HL chess 2016"]
[Site "Sochi"]
[Date "2016.05.01"]
[Round "1.7"]
[White "Geivondian, Arman"]
[Black "Nechaev, Oleg"]
[Result "1-0"]
[WhiteElo "2405"]
[BlackElo "2343"]
[PlyCount "155"]
[EventDate "2016.05.01"]

1. d4 Nf6 2. Nf3 g6 3. Bg5 Bg7 4. c3 d6 5. Nbd2 h6 6. Bh4 g5 7. Bg3 Nh5 8. e4
e6 9. Bb5+ Nd7 10. Nf1 Nxg3 11. Nxg3 g4 12. Nd2 Qg5 13. Qe2 h5 14. h4 Qe7 15.
O-O-O a6 16. Bd3 Nf6 17. Kb1 e5 18. Nc4 Bd7 19. Ne3 Bh6 20. Ngf5 Qf8 21. Nc4
Bxf5 22. exf5 e4 23. Bxe4 O-O-O 24. Na5 d5 25. Bd3 Re8 26. Qc2 Qd6 27. g3 Re7
28. Rhe1 Rhe8 29. Rxe7 Rxe7 30. Qb3 Qb6 31. Qxb6 cxb6 32. Nb3 Ne4 33. Bxe4 Rxe4
34. Nc1 Bxc1 35. Kxc1 Re2 36. Rd2 Re1+ 37. Rd1 Re2 38. Rd2 Re1+ 39. Kc2 Kd7 40.
Kd3 b5 41. Re2 Rf1 42. b3 Rd1+ 43. Kc2 Ra1 44. Kb2 Rd1 45. Kc2 Ra1 46. Kb2 Rd1
47. a4 Rd3 48. axb5 axb5 49. f6 Kc6 50. Re7 b4 51. cxb4 Rd2+ 52. Kc3 Rxf2 53.
b5+ Kxb5 54. Rxb7+ Kc6 55. Rxf7 Rf3+ 56. Kb4 Rxg3 57. Rf8 Rf3 58. f7 Kd7 59.
Rh8 Rxf7 60. Rxh5 Rg7 61. Rxd5+ Ke6 62. Re5+ Kf6 63. Re1 Rb7+ 64. Kc4 Rc7+ 65.
Kd5 Rd7+ 66. Kc5 Rc7+ 67. Kd6 Rc3 68. Rb1 g3 69. b4 Kf5 70. b5 g2 71. Rg1 Rc2
72. b6 Ke4 73. b7 Rb2 74. Rxg2 Rxb7 75. d5 Ra7 76. Rg5 Ra6+ 77. Ke7 Rh6 78. d6
1-0

[Event "Team men HL chess 2016"]
[Site "Sochi"]
[Date "2016.05.01"]
[Round "1.7"]
[White "Rozhko, Dmitry"]
[Black "Vastrukhin, Oleg"]
[Result "1/2-1/2"]
[WhiteElo "2298"]
[BlackElo "2401"]
[PlyCount "96"]
[EventDate "2016.05.01"]

1. d4 Nf6 2. Nf3 c5 3. c3 e6 4. Bf4 Qb6 5. Qb3 Nc6 6. e3 Be7 7. Nbd2 d5 8. h3
Bd7 9. Be2 Rc8 10. Ne5 Nxe5 11. Bxe5 O-O 12. O-O Bc6 13. dxc5 Qxc5 14. Qd1 Qb6
15. b4 Bb5 16. a4 Bxe2 17. Qxe2 a6 18. Rfb1 Nd7 19. Bd4 Qc7 20. e4 e5 21. Be3
dxe4 22. Nxe4 f5 23. Bc5 Nxc5 24. Nxc5 Bxc5 25. bxc5 Rf7 26. Qa2 Kf8 27. Rd1
Qxc5 28. Rac1 g6 29. Rd5 Qe7 30. Qd2 Kg7 31. Qe3 e4 32. c4 Re8 33. g3 Qf6 34.
Rb1 Re6 35. c5 g5 36. Rb6 Rxb6 37. cxb6 h6 38. a5 Re7 39. Qc5 Rf7 40. Rd6 Qa1+
41. Kg2 Qb2 42. Re6 Kh7 43. Re5 Kg6 44. Qd6+ Rf6 45. Qe7 Qb3 46. Qe8+ Qf7 47.
Qd8 Re6 48. Qd5 Rxe5 1/2-1/2

[Event "Team men HL chess 2016"]
[Site "Sochi"]
[Date "2016.05.01"]
[Round "1.8"]
[White "Grishchenko, Sergey"]
[Black "Potapov, Pavel"]
[Result "0-1"]
[WhiteElo "2441"]
[BlackElo "2485"]
[PlyCount "58"]
[EventDate "2016.05.01"]

1. d4 f5 2. c4 Nf6 3. Nc3 d6 4. Bg5 Nbd7 5. Qc2 g6 6. O-O-O Bg7 7. Nh3 e5 8.
dxe5 Nxe5 9. Nf4 c6 10. e3 Qc7 11. h4 Ne4 12. Nxe4 fxe4 13. h5 h6 14. Bh4 g5
15. Qxe4 O-O 16. c5 Qa5 17. Bc4+ d5 18. Nxd5 cxd5 19. Qxd5+ Kh8 20. Bg3 Nxc4
21. Qxc4 Rf5 22. b4 Qa3+ 23. Kd2 Be6 24. Qxe6 Rd8+ 25. Bd6 Rxf2+ 26. Ke1 Qb2
27. Qc4 Re8 28. Rh3 Rxg2 29. Qf7 Qe2# 0-1

[Event "Team men HL chess 2016"]
[Site "Sochi"]
[Date "2016.05.01"]
[Round "1.8"]
[White "Belyakov, Bogdan"]
[Black "Potapov, Alexey"]
[Result "1/2-1/2"]
[WhiteElo "2493"]
[BlackElo "2368"]
[PlyCount "128"]
[EventDate "2016.05.01"]

1. e4 d6 2. d4 Nf6 3. Nc3 e5 4. Nf3 Nbd7 5. Bc4 Be7 6. O-O O-O 7. Re1 c6 8. a4
a5 9. h3 h6 10. Be3 Qc7 11. Ba2 Re8 12. Nh4 exd4 13. Bxd4 Nf8 14. Qf3 Ne6 15.
Be3 Ng5 16. Bxg5 hxg5 17. Nf5 Bf8 18. Rad1 Bxf5 19. Qxf5 Re5 20. Qf3 Rae8 21.
Re3 Qe7 22. Rde1 g6 23. g4 Nd7 24. Rd1 Nf6 25. Kg2 Bg7 26. Bb3 Rd8 27. Red3 Rc5
28. Qe3 Qe5 29. Qg3 Ne8 30. Qxe5 Bxe5 31. Rf3 Rd7 32. Rdd3 Nf6 33. Rfe3 Bxc3
34. bxc3 Re5 35. f3 Kf8 36. Re1 Ke7 37. Red1 Rc5 38. Kf2 Ne8 39. Kg3 Nf6 40. h4
gxh4+ 41. Kxh4 g5+ 42. Kg3 b5 43. Ra1 bxa4 44. Rxa4 Nh7 45. Rdd4 Nf8 46. Rdc4
Rxc4 47. Rxc4 Rc7 48. Ra4 Ra7 49. f4 f6 50. fxg5 fxg5 51. Rc4 Ra6 52. Ba4 Nd7
53. Rd4 Nc5 54. Kf3 Rb6 55. Ke3 Ke6 56. Rc4 Rb2 57. Kd2 Rb6 58. Ke3 Ke5 59. Rd4
Nd7 60. Rc4 Nb8 61. Bb3 Nd7 62. Ba4 Nc5 63. Rd4 Ne6 64. Rd1 Nc5 1/2-1/2

[Event "Team men HL chess 2016"]
[Site "Sochi"]
[Date "2016.05.01"]
[Round "1.8"]
[White "Parfenov, Viktor N"]
[Black "Savitskiy, Sergey"]
[Result "0-1"]
[WhiteElo "2167"]
[BlackElo "2401"]
[PlyCount "68"]
[EventDate "2016.05.01"]

1. Nf3 Nf6 2. g3 g6 3. Bg2 Bg7 4. c4 O-O 5. Nc3 d6 6. d4 Nc6 7. O-O a6 8. Qd3
Bf5 9. e4 Bg4 10. Be3 Nd7 11. Ne1 e5 12. d5 Nd4 13. h3 Nc5 14. Qd2 Bd7 15. Nc2
Nxc2 16. Qxc2 f5 17. exf5 gxf5 18. b4 f4 19. bxc5 fxe3 20. c6 bxc6 21. dxc6 Bf5
22. Ne4 Bh6 23. Rae1 Bg6 24. Kh2 Rb8 25. Qe2 exf2 26. Rxf2 Rxf2 27. Qxf2 Qf8
28. Qa7 Rb2 29. Qxc7 Bxe4 30. Rxe4 Qf2 31. Qc8+ Bf8 32. Re2 Rxe2 33. Qe6+ Kh8
34. Qd5 e4 0-1

[Event "Team men HL chess 2016"]
[Site "Sochi"]
[Date "2016.05.01"]
[Round "1.8"]
[White "Sergeyev, Alexander"]
[Black "Zaika, Daniil"]
[Result "1-0"]
[WhiteElo "2388"]
[BlackElo "2077"]
[PlyCount "95"]
[EventDate "2016.05.01"]

1. d4 d5 2. c4 Nc6 3. Nc3 dxc4 4. d5 Na5 5. Bf4 Nf6 6. e4 e6 7. Qa4+ c6 8. dxc6
Nxc6 9. Bxc4 Bb4 10. Nge2 O-O 11. O-O Bd7 12. Rad1 a6 13. Qc2 Rc8 14. a3 Be7
15. Ba2 Nh5 16. Be3 Qc7 17. Bb1 Ne5 18. Bd4 Ng6 19. Qd3 Nhf4 20. Nxf4 Nxf4 21.
Qf3 Bc6 22. Be3 Ng6 23. Qh3 Bd6 24. Kh1 Be5 25. Qg4 Bxc3 26. bxc3 Bb5 27. Rfe1
e5 28. h4 Qxc3 29. h5 Nf4 30. Rc1 Qa5 31. Bxf4 Rxc1 32. Rxc1 exf4 33. h6 g6 34.
Qxf4 Bc6 35. Ba2 Qxa3 36. Re1 Qe7 37. e5 Re8 38. Rd1 Bd7 39. Rd6 Be6 40. Bxe6
fxe6 41. Qd2 Qh4+ 42. Kg1 g5 43. Rd8 Kf7 44. Rd7+ Re7 45. Rxe7+ Kxe7 46. Qd6+
Ke8 47. Qxe6+ Kd8 48. Qg8+ 1-0

[Event "Team men HL chess 2016"]
[Site "Sochi"]
[Date "2016.05.01"]
[Round "1.9"]
[White "Nikolenko, Oleg"]
[Black "Vasilyev, Vasily"]
[Result "1/2-1/2"]
[WhiteElo "2505"]
[BlackElo "2308"]
[PlyCount "95"]
[EventDate "2016.05.01"]

1. e4 c5 2. Nf3 d6 3. d4 cxd4 4. Nxd4 Nf6 5. Nc3 a6 6. Bg5 e6 7. f4 Be7 8. Qf3
Qc7 9. O-O-O b5 10. Bd3 Bb7 11. Rhe1 Nbd7 12. Qg3 b4 13. Nd5 exd5 14. exd5 Kd8
15. Nf5 Bf8 16. Bh4 Qa5 17. Bc4 Kc7 18. Bb3 g6 19. Ne3 Ne4 20. Qf3 f5 21. g4
Ndc5 22. gxf5 gxf5 23. Nxf5 Re8 24. Rd4 Bc8 25. Qh5 Qb5 26. Rc4 Bxf5 27. Qxf5
Qd7 28. Qxd7+ Kxd7 29. Rxb4 Bh6 30. Ba4+ Nxa4 31. Rbxe4 Rxe4 32. Rxe4 Nb6 33.
Re7+ Kc8 34. Bg5 Bxg5 35. fxg5 Nxd5 36. Rf7 Kd8 37. Rb7 Ne7 38. Rb6 Kd7 39.
Rxa6 Rf8 40. Ra7+ Ke6 41. b4 Rf5 42. a4 Rxg5 43. b5 h5 44. b6 Rg8 45. Ra5 Nd5
46. b7 Rb8 47. c4 Nb6 48. c5 1/2-1/2

[Event "Team men HL chess 2016"]
[Site "Sochi"]
[Date "2016.05.01"]
[Round "1.9"]
[White "Mestnikov, Aisen"]
[Black "Sychev, Klementy"]
[Result "0-1"]
[WhiteElo "2197"]
[BlackElo "2419"]
[PlyCount "78"]
[EventDate "2016.05.01"]

1. d4 Nf6 2. c4 g6 3. Nf3 Bg7 4. Nc3 d5 5. Bg5 Ne4 6. cxd5 Nxg5 7. Nxg5 e6 8.
Qd2 exd5 9. Qe3+ Kf8 10. Qf4 Bf6 11. h4 h6 12. Nf3 Kg7 13. e3 c6 14. Bd3 Be6
15. O-O-O Nd7 16. Kb1 Qb8 17. Ne2 Be7 18. Qxb8 Raxb8 19. Rc1 Bd6 20. Nf4 Bxf4
21. exf4 Nf6 22. Ne5 Ne4 23. Bxe4 dxe4 24. b3 Rbd8 25. Rhd1 Rd6 26. Nc4 Bxc4
27. Rxc4 Rhd8 28. g3 Kf6 29. Kc2 Kf5 30. Rd2 Kg4 31. Kd1 b6 32. Ke2 c5 33. Ke3
f5 34. Ra4 Rxd4 35. Rdxd4 cxd4+ 36. Ke2 d3+ 37. Kd2 Kf3 38. Rxa7 Kxf2 39. Re7
Rc8 0-1

[Event "Team men HL chess 2016"]
[Site "Sochi"]
[Date "2016.05.01"]
[Round "1.9"]
[White "Ulko, Jaroslav"]
[Black "Mestnikov, Aital"]
[Result "1-0"]
[WhiteElo "2441"]
[BlackElo "2188"]
[PlyCount "85"]
[EventDate "2016.05.01"]

1. d4 Nf6 2. Nf3 g6 3. c4 Bg7 4. Nc3 d5 5. cxd5 Nxd5 6. e4 Nxc3 7. bxc3 c5 8.
Rb1 O-O 9. Be3 Qa5 10. Qd2 b6 11. Rb5 Qa4 12. Rb3 Bg4 13. h3 Bxf3 14. gxf3 Rd8
15. d5 e6 16. Bb5 Qa5 17. c4 Qxd2+ 18. Kxd2 a6 19. Ra3 Ra7 20. Rb1 Be5 21. Kc2
Bc7 22. Bg5 Rc8 23. f4 Bd8 24. Ba4 Bxg5 25. fxg5 b5 26. Bxb5 exd5 27. exd5 Re7
28. Ba4 a5 29. Re3 Rxe3 30. fxe3 h6 31. h4 hxg5 32. hxg5 Kg7 33. Rb6 Rh8 34.
Kd3 Rd8 35. a3 Nd7 36. Bxd7 Rxd7 37. Rc6 Rb7 38. Rxc5 a4 39. d6 Rb3+ 40. Ke4
f5+ 41. Kd4 Rxa3 42. Rc7+ Kf8 43. Rc8+ 1-0

[Event "Team men HL chess 2016"]
[Site "Sochi"]
[Date "2016.05.01"]
[Round "1.9"]
[White "Zakharov, Nikolay A"]
[Black "Saulin, Dmitri"]
[Result "0-1"]
[WhiteElo "1990"]
[BlackElo "2390"]
[PlyCount "54"]
[EventDate "2016.05.01"]

1. e4 c5 2. Nf3 d6 3. d4 cxd4 4. Nxd4 Nf6 5. Nc3 a6 6. Bg5 Nbd7 7. f4 Qb6 8.
Qd2 e6 9. O-O-O Qc7 10. Be2 Be7 11. Bf3 Nb6 12. Qe2 Bd7 13. Rhe1 h6 14. Bxf6
Bxf6 15. e5 dxe5 16. fxe5 Be7 17. Qe4 O-O-O 18. h4 Kb8 19. a3 Bc8 20. Nce2 Nd7
21. Ng1 Nc5 22. Qg4 f5 23. Qg3 Rxd4 24. Rxd4 Nb3+ 25. Kb1 Nxd4 26. c3 Nxf3 27.
Nxf3 g5 0-1

[Event "Team men HL chess 2016"]
[Site "Sochi"]
[Date "2016.05.01"]
[Round "1.10"]
[White "Taysayev, Timur"]
[Black "Tukhaev, Adam"]
[Result "1/2-1/2"]
[WhiteElo "2231"]
[BlackElo "2536"]
[PlyCount "82"]
[EventDate "2016.05.01"]

1. e4 d6 2. d4 g6 3. Nc3 Bg7 4. Be3 a6 5. Qd2 Nd7 6. Nf3 h6 7. a4 e6 8. Be2 b6
9. O-O Bb7 10. h3 Ne7 11. Rfe1 Kf8 12. Rad1 Kg8 13. Nh2 Kh7 14. f4 d5 15. e5 c5
16. Nf3 cxd4 17. Nxd4 Nc5 18. b4 Ne4 19. Nxe4 dxe4 20. c4 Qc7 21. Qc2 Rad8 22.
Rd2 Rd7 23. Red1 Rhd8 24. g3 Bf8 25. Bf1 Nf5 26. Nxf5 gxf5 27. Rxd7 Rxd7 28.
Rxd7 Qxd7 29. Qb3 Qc7 30. Kf2 Bc8 31. Be2 Bd7 32. Bd1 Be7 33. Qc3 b5 34. axb5
axb5 35. c5 Bc6 36. Qa1 Qd7 37. Be2 Kg6 38. Qa6 Bd8 39. Qa1 Be7 40. Qa6 Bd8 41.
Qa1 Be7 1/2-1/2

[Event "Team men HL chess 2016"]
[Site "Sochi"]
[Date "2016.05.01"]
[Round "1.10"]
[White "Gabrielian, Artur"]
[Black "Nazaretyan, Tigran"]
[Result "1-0"]
[WhiteElo "2520"]
[BlackElo "2316"]
[PlyCount "101"]
[EventDate "2016.05.01"]

1. e4 e5 2. Nf3 Nc6 3. Bb5 a6 4. Ba4 Nf6 5. O-O Be7 6. Re1 b5 7. Bb3 O-O 8. c3
d6 9. h3 Na5 10. Bc2 c5 11. d4 Qc7 12. Nbd2 cxd4 13. cxd4 Nc6 14. Nb3 a5 15.
Be3 a4 16. Nbd2 Nb4 17. Bb1 Bd7 18. a3 Nc6 19. Bd3 Qb7 20. Qe2 Rfb8 21. Rac1 h6
22. dxe5 Nxe5 23. Nxe5 dxe5 24. Bc5 Re8 25. Nf3 Qb8 26. Bxe7 Rxe7 27. Rc5 Ra7
28. Rec1 Rb7 29. Qe1 Kh7 30. Qc3 b4 31. axb4 Rxb4 32. Rxe5 Rxe5 33. Nxe5 Rxb2
34. Nc4 Rb3 35. e5+ g6 36. Qd4 Rxd3 37. Qxd3 Bf5 38. Qd6 Nd7 39. Qxb8 Nxb8 40.
Nd6 Be6 41. Nxf7 a3 42. Nd8 Bb3 43. e6 Kg7 44. e7 Ba4 45. Ra1 Be8 46. Rxa3 Kf6
47. Re3 Nd7 48. Nb7 Kg7 49. Nd6 Nf6 50. Nxe8+ Nxe8 51. Rf3 1-0

[Event "Team men HL chess 2016"]
[Site "Sochi"]
[Date "2016.05.01"]
[Round "1.10"]
[White "Aivazian, Grigory"]
[Black "Yandarbiev, Ruslan"]
[Result "1/2-1/2"]
[WhiteElo "2315"]
[BlackElo "2353"]
[PlyCount "94"]
[EventDate "2016.05.01"]

1. e4 c5 2. Nf3 d6 3. d4 Nf6 4. Nc3 cxd4 5. Nxd4 a6 6. h3 e6 7. g4 Nfd7 8. g5
b5 9. a4 b4 10. Na2 Bb7 11. Bg2 Be7 12. O-O O-O 13. Nxb4 Bxg5 14. Nd3 Bxc1 15.
Qxc1 Qb6 16. c3 a5 17. Rd1 Na6 18. Nb5 Nc7 19. c4 Nxb5 20. cxb5 e5 21. Qd2 Nf6
22. Qe2 Rac8 23. b4 Rc3 24. Rdc1 Rfc8 25. bxa5 Rxc1+ 26. Rxc1 Rxc1+ 27. Nxc1
Qxa5 28. Qc4 h5 29. Nd3 Qd2 30. Qc7 Qxd3 31. Qxb7 Qd1+ 32. Kh2 Qxa4 33. b6 Qc2
34. Qa8+ Kh7 35. b7 Qxf2 36. b8=Q Qf4+ 37. Kg1 Qe3+ 38. Kf1 Qc1+ 39. Kf2 Qd2+
40. Kf3 Qd3+ 41. Kf2 Qd2+ 42. Kg1 Qe3+ 43. Kh2 Qf4+ 44. Kg1 Qe3+ 45. Kf1 Qc1+
46. Ke2 Qc2+ 47. Ke1 Qc1+ 1/2-1/2

[Event "Team men HL chess 2016"]
[Site "Sochi"]
[Date "2016.05.01"]
[Round "1.10"]
[White "Kozak, Alexander"]
[Black "Tenikashvili, Georgij"]
[Result "1-0"]
[WhiteElo "2280"]
[BlackElo "2319"]
[PlyCount "87"]
[EventDate "2016.05.01"]

1. e4 c6 2. c4 d5 3. exd5 cxd5 4. cxd5 Nf6 5. Bb5+ Nbd7 6. Nc3 a6 7. Bxd7+ Qxd7
8. Qb3 g6 9. Nf3 Bg7 10. Ne5 Qd6 11. Nc4 Qc7 12. Nb6 Rb8 13. d3 O-O 14. O-O Bf5
15. Ne2 Nd7 16. Be3 Nxb6 17. Bxb6 Qd6 18. Rfd1 Rbc8 19. Ng3 Bd7 20. Ne4 Qe5 21.
Nc5 Bg4 22. Re1 Qxb2 23. Qxb2 Bxb2 24. Rab1 Bf6 25. h3 Bf5 26. g4 Bd4 27. Na4
Bd7 28. Bxd4 Bxa4 29. Rxb7 Rcd8 30. Rexe7 Rxd5 31. Be3 Rxd3 32. Rec7 Bd1 33.
Kh2 Bf3 34. Ra7 Bd5 35. Rxa6 Be6 36. a4 Rb8 37. Bh6 Ra3 38. a5 Ra2 39. Kg3 Ra3+
40. Kh4 Bd5 41. Rb6 Rd8 42. Rd7 g5+ 43. Kxg5 f6+ 44. Rxf6 1-0

[Event "Team men HL chess 2016"]
[Site "Sochi"]
[Date "2016.05.01"]
[Round "1.11"]
[White "Palachev, Petr"]
[Black "Shcherbakov, Ruslan"]
[Result "0-1"]
[WhiteElo "2403"]
[BlackElo "2492"]
[PlyCount "60"]
[EventDate "2016.05.01"]

1. d4 Nf6 2. c4 e5 3. dxe5 Ng4 4. Bf4 g5 5. Bg3 Nc6 6. Nf3 Bg7 7. Nc3 Ngxe5 8.
Nxe5 Nxe5 9. e3 d6 10. h4 g4 11. h5 O-O 12. Qc2 Be6 13. Nd5 c6 14. h6 Bh8 15.
Bh4 f6 16. Nc3 Qd7 17. Rd1 f5 18. b3 Rae8 19. Be2 f4 20. e4 Qf7 21. f3 Qh5 22.
fxg4 Bxg4 23. Bxg4 Nxg4 24. Rd3 Ne3 25. Qe2 Qg6 26. Bf2 Bxc3+ 27. Rxc3 Rxe4 28.
Bxe3 fxe3 29. Rxe3 Rxe3 30. Qxe3 Re8 0-1

[Event "Team men HL chess 2016"]
[Site "Sochi"]
[Date "2016.05.01"]
[Round "1.11"]
[White "Radzhabov, Rodion"]
[Black "Mokshanov, Alexey"]
[Result "0-1"]
[WhiteElo "2172"]
[BlackElo "2425"]
[PlyCount "60"]
[EventDate "2016.05.01"]

1. e4 e6 2. d4 d5 3. exd5 exd5 4. Bd3 Nf6 5. Ne2 Bd6 6. Bf4 Bg4 7. Qd2 O-O 8.
Nbc3 Re8 9. O-O Nc6 10. f3 Bh5 11. Nb5 Bxf4 12. Qxf4 Nb4 13. Ng3 Nxd3 14. cxd3
c6 15. Nc3 Bg6 16. Rad1 Qe7 17. Rd2 Nd7 18. Nce2 Nf8 19. Rfd1 Qb4 20. Qg4 Ne6
21. h4 f5 22. Qh3 f4 23. Nh1 Qf8 24. Nf2 h5 25. Qh2 Qf6 26. Nh3 Rf8 27. g3 fxg3
28. Qxg3 Qxf3 29. Qxg6 Qxh3 30. Ng3 Rf6 0-1

[Event "Team men HL chess 2016"]
[Site "Sochi"]
[Date "2016.05.01"]
[Round "1.11"]
[White "Natacheev, Peter"]
[Black "Scherbakov, Mikhail"]
[Result "1/2-1/2"]
[WhiteElo "2361"]
[BlackElo "2139"]
[PlyCount "80"]
[EventDate "2016.05.01"]

1. e4 c5 2. Nf3 Nc6 3. d4 cxd4 4. Nxd4 g6 5. c4 Nf6 6. Nc3 d6 7. Be2 Nxd4 8.
Qxd4 Bg7 9. Be3 O-O 10. Qd2 a5 11. O-O a4 12. f3 Qa5 13. Rfd1 Be6 14. Rac1 Rfc8
15. b3 axb3 16. axb3 Qb4 17. Nd5 Nxd5 18. cxd5 Qxd2 19. Bxd2 Bd7 20. Rxc8+ Rxc8
21. Rc1 Rxc1+ 22. Bxc1 Bd4+ 23. Kf1 f5 24. h3 Kf7 25. Bd3 Kf6 26. Ke2 fxe4 27.
fxe4 h5 28. Kf3 g5 29. Bd2 g4+ 30. Kg3 Be5+ 31. Kh4 gxh3 32. gxh3 Kg6 33. Bg5
Bxh3 34. Bxe7 Bg2 35. Bxd6 Bxd6 36. e5+ Kf7 37. exd6 Bxd5 38. Bf5 Bxb3 39. Kxh5
Ke8 40. Kg5 Kd8 1/2-1/2

[Event "Team men HL chess 2016"]
[Site "Sochi"]
[Date "2016.05.01"]
[Round "1.11"]
[White "Smorchkov, Danil"]
[Black "Slavin, Alexey"]
[Result "1/2-1/2"]
[WhiteElo "2017"]
[BlackElo "2366"]
[PlyCount "91"]
[EventDate "2016.05.01"]

1. d4 d5 2. c4 e6 3. Nc3 Nf6 4. Bg5 Be7 5. e3 O-O 6. Nf3 b6 7. Bd3 Bb7 8. cxd5
exd5 9. Bxf6 Bxf6 10. b4 Nd7 11. O-O Be7 12. Rb1 a6 13. Qc2 g6 14. Qb3 Nf6 15.
Ne5 Kg7 16. b5 axb5 17. Nxb5 Nd7 18. Nxd7 Qxd7 19. a4 f5 20. Rfc1 c6 21. Nc3
Bd8 22. a5 Rxa5 23. Na4 b5 24. Nc5 Qe7 25. Qc3 Rf6 26. f3 Ra2 27. e4 fxe4 28.
fxe4 Ba5 29. Qb3 Rd2 30. Rf1 Bc8 31. exd5 cxd5 32. Qxd5 Rxf1+ 33. Rxf1 Bb6 34.
Bxb5 Bf5 35. Qc6 Bc7 36. Rxf5 Bxh2+ 37. Kxh2 Qh4+ 38. Kg1 Qxd4+ 39. Kh2 Qh4+
40. Kg1 Qd4+ 41. Kh2 Qh4+ 42. Kg1 gxf5 43. Qc7+ Kh6 44. Qc6+ Kg7 45. Qc7+ Kh6
46. Qc6+ 1/2-1/2

[Event "Team men HL 2016"]
[Site "Sochi"]
[Date "2016.05.02"]
[Round "2.1"]
[White "Potapov, Pavel"]
[Black "Ponkratov, Pavel"]
[Result "1/2-1/2"]
[LiveChessVersion "1.4.4"]
[BlackElo "2595"]
[WhiteElo "2485"]

1. e4 {[%clk 1:30:54]} e5 {[%clk 1:30:40]} 2. Nf3 {[%clk 1:31:04]} Nc6
{[%clk 1:31:05]} 3. Nc3 {[%clk 1:31:21]} Nf6 {[%clk 1:31:28]} 4. d4
{[%clk 1:31:31]} exd4 {[%clk 1:31:53]} 5. Nxd4 {[%clk 1:31:57]} Bb4
{[%clk 1:32:20]} 6. Nxc6 {[%clk 1:31:47]} bxc6 {[%clk 1:32:46]} 7. Bd3
{[%clk 1:32:10]} d5 {[%clk 1:33:12]} 8. exd5 {[%clk 1:31:57]} Qe7+
{[%clk 1:33:38]} 9. Qe2 {[%clk 1:27:44]} Qxe2+ {[%clk 1:34:04]} 10. Kxe2
{[%clk 1:22:52]} cxd5 {[%clk 1:33:30]} 11. Nb5 {[%clk 1:06:09]} Kd8
{[%clk 1:33:54]} 12. Bf4 {[%clk 0:59:38]} a6 {[%clk 1:21:22]} 13. Nd4
{[%clk 0:55:01]} Bd7 {[%clk 1:21:45]} 14. c3 {[%clk 0:54:37]} Re8+
{[%clk 1:22:09]} 15. Kd2 {[%clk 0:50:22]} Bf8 {[%clk 1:22:24]} 16. f3
{[%clk 0:46:40]} c5 {[%clk 1:15:53]} 17. Nf5 {[%clk 0:43:17]} Re6
{[%clk 1:09:50]} 18. Rhe1 {[%clk 0:37:55]} Rb6 {[%clk 1:08:06]} 19. Rab1
{[%clk 0:35:05]} g6 {[%clk 1:04:13]} 20. Ne3 {[%clk 0:31:19]} Be6
{[%clk 1:02:56]} 21. g4 {[%clk 0:28:04]} Ra7 {[%clk 0:54:26]} 22. c4
{[%clk 0:24:47]} d4 {[%clk 0:49:39]} 23. Nc2 {[%clk 0:23:42]} Nd7
{[%clk 0:49:56]} 24. b3 {[%clk 0:22:35]} Bd6 {[%clk 0:50:12]} 25. Bxd6
{[%clk 0:20:39]} Rxd6 {[%clk 0:50:35]} 26. h3 {[%clk 0:20:29]} Rc7
{[%clk 0:40:04]} 27. Re2 {[%clk 0:18:13]} Nf8 {[%clk 0:31:37]} 28. Rbe1
{[%clk 0:16:13]} Bd7 {[%clk 0:24:07]} 29. f4 {[%clk 0:12:21]} Re6
{[%clk 0:21:39]} 30. f5 {[%clk 0:09:22]} Rxe2+ {[%clk 0:21:59]} 31. Rxe2
{[%clk 0:09:48]} gxf5 {[%clk 0:21:25]} 32. gxf5 {[%clk 0:10:02]} a5
{[%clk 0:20:33]} 33. a3 {[%clk 0:09:05]} Bc6 {[%clk 0:18:06]} 34. b4
{[%clk 0:08:39]} axb4 {[%clk 0:15:31]} 35. axb4 {[%clk 0:09:05]} cxb4
{[%clk 0:15:55]} 36. Nxb4 {[%clk 0:09:02]} Nd7 {[%clk 0:16:20]} 37. Nc2
{[%clk 0:08:23]} Bf3 {[%clk 0:15:12]} 38. Rf2 {[%clk 0:07:15]} Ne5
{[%clk 0:15:35]} 39. Nxd4 {[%clk 0:06:38]} Bb7 {[%clk 0:16:01]} 40. Rf4
{[%clk 0:33:21]} Ba6 {[%clk 0:46:26]} 41. Nf3 {[%clk 0:31:19]} 1/2-1/2